Statistiken für Südamerikanische Flaggen - Kartenquiz.

Klicken Sie hier um das Quiz zu spielen!

Allgemein

  • Dieses Quiz wurde 603 mal gespielt
  • Das Durchschnittsergebnis liegt bei 9 aus 12

Antworten auf der Karte

Die Antworten werden auf der Karte rot bzw. grün angezeigt, abhängig davon wie oft sie richtig erraten wurden.
 

Antwortstatistiken

Antwort% Korrekt
92%
90%
84%
77%
73%
72%
68%
65%
64%
63%
61%
61%

Verteilung der Resultate

Perzentil nach korrekt beantworteten Fragen

Anzahl Personen mit jedem Resultat

Ihre Resultats-Entwicklung

Sie haben dieses Quiz noch nicht gespielt